Canadian Brand Logos Quiz - Statistics

General Stats
  • This quiz has been taken 907 times
  • The average score is 12 of 16
Answer Stats
Logo Brand % Correct
Tim Hortons
87%
Canadian Broadcasting Corporation
83%
Royal Bank of Canada
80%
Canadian Tire
79%
Kraft Dinner
76%
Toronto Maple Leafs
76%
Air Canada
75%
Calgary Flames
72%
WestJet
72%
Boston Pizza
71%
Swiss Chalet
69%
Molson Canadian
67%
No Name
66%
President's Choice
65%
Coffee Crisp
62%
Petro-Canada
62%
No matching quizzes found
Score Distribution
Percent of People with Each Score
Percentile by Number Answered
Your Score History
You have not taken this quiz